00763cam a22002291 4500001001300000003000400013005001700017008004100034010001700075035001900092040004200111042001200153050002100165082001000186111004300196245009600239260007100335300001800406650001600424711007600440999001700516sg 45000303 DLC20260227112747.0790718s1945 nyu 100 0 eng c asg 45000303  a(OCoLC)5183396 aU.S. Surg.-gen. off. Libr.cInIUdDLC apremarc00aRC358b.H4 1945g a616.81 aNational Committee for Mental Hygiene.10aMedicine and the neuroses;breport of the Hershey Conference on Psychiatric Rehabilitation. aNew York,bThe National Committee for Mental Hygiene, Inc.,c1945. a36 p.c23 cm. 0aPsychiatry.1 aHershey Conference on Psychiatric Rehabilitation,cHershey, Pa.,d1945. c90687d90687